Hand Book of Recent Acupuncture Treatment and Research/ (Record no. 188827)

MARC details
000 -LEADER
fixed length control field 00538nam a22001817a 4500
005 - DATE AND TIME OF LATEST TRANSACTION
control field 20220603172329.0
010 ## - LCCN (DPL NO)
LC control number ENG-133016
020 ## - INTERNATIONAL STANDARD BOOK NUMBER
Terms of availability 400.00
035 ## - SYSTEM CONTROL NUMBER
System control number EN-116548
037 ## - SOURCE OF ACQUISITION
Source of stock number/acquisition DBAD/PUB
082 ## - DEWEY DECIMAL CLASSIFICATION NUMBER
Classification number 615.892
100 ## - MAIN ENTRY--PERSONAL NAME
Personal name Sahoo, Bhabani Prasad
245 ## - TITLE STATEMENT
Title Hand Book of Recent Acupuncture Treatment and Research/
Statement of responsibility, etc Bhabani Prasad Sahoo
260 ## - PUBLICATION, DISTRIBUTION, ETC. (IMPRINT)
Place of publication, distribution, etc Kolkata
Name of publisher, distributor, etc Sankar Mondal
Date of publication, distribution, etc 2010
270 ## - ADDRESS
Address 209A, Bidhan Sarani
City Kolkata
Postal code 700006
300 ## - PHYSICAL DESCRIPTION
Extent xix, 432p.
Dimensions 22cm(hbk)
942 ## - ADDED ENTRY ELEMENTS (KOHA)
Source of classification or shelving scheme Dewey Decimal Classification
Item type English Books
Call number suffix SAH
Classification part 615.892
Holdings
Withdrawn status Lost status Not for loan Collection code Home library Current library Date acquired Source of acquisition Cost, normal purchase price Full call number Barcode Copy number Cost, replacement price Koha item type
      Non-fiction Sarojini Nagar Sarojini Nagar 03/06/2022 DBAD/PUB 400.00 615.892 SAH EN-116548 1 400.00 English Books

© Delhi Public Library
Hit Counter
free hit counter